Largest City of Each County in Ohio - Statistics

General Stats
  • This quiz has been taken 182 times
  • The average score is 44 of 88
Answers on the Map
Answers color-coded by a green-red scale on the quiz's map according to % correct below.
 
Answer Stats
City % Correct
Cleveland
100%
Toledo
98%
Akron
96%
Cincinnati
96%
Columbus
96%
Youngstown
94%
Dayton
93%
Sandusky
90%
Canton
88%
Athens
79%
Mansfield
77%
Springfield
77%
Lorain
76%
Lima
75%
Bowling Green
74%
Ashtabula
71%
Delaware
71%
Newark
69%
Ashland
68%
Hamilton
67%
Zanesville
67%
Findlay
66%
Steubenville
65%
Defiance
63%
Kent
63%
Marietta
63%
Portsmouth
63%
Warren
63%
Chillicothe
62%
Marion
59%
Van Wert
59%
Lancaster
56%
Logan
56%
Wooster
56%
Port Clinton
54%
Cambridge
53%
Coshocton
53%
Mentor
52%
Tiffin
51%
Circleville
50%
Ironton
50%
New Philadelphia
50%
Mason
49%
London
46%
Mount Vernon
46%
Washington Court House
46%
Marysville
44%
Troy
43%
Fremont
42%
Upper Sandusky
42%
Jackson
41%
Millersburg
41%
Wapakoneta
41%
Bucyrus
39%
Greenville
39%
Sidney
38%
Brunswick
37%
Chardon
37%
Norwalk
37%
Gallipolis
35%
Paulding
35%
Bryan
34%
Carrollton
34%
Urbana
34%
Wilmington
34%
Bellefontaine
33%
Beavercreek
32%
Celina
32%
Eaton
32%
Kenton
31%
Napoleon
30%
Wauseon
29%
Waverly
29%
Ottawa
28%
New Lexington
27%
Hillsboro
26%
Georgetown
25%
Cadiz
24%
McArthur
24%
West Union
24%
Mount Gilead
22%
Salem
21%
Caldwell
20%
Milford
20%
Martins Ferry
19%
Woodsfield
19%
McConnelsville
18%
Middleport
10%
No matching quizzes found
Score Distribution
Percent of People with Each Score
Percentile by Number Answered
Your Score History
You have not taken this quiz